| 000 | 00709nam a2200217 a 4500 | ||
|---|---|---|---|
| 005 | 20210223124904.0 | ||
| 008 | 030327s1996 ag r 000 0 spa d | ||
| 020 | _a9508020490 | ||
| 035 | _aUPN01000123355 | ||
| 049 | _aCG | ||
| 050 | 4 |
_aHC175 _bM6.2 |
|
| 245 | 0 | 0 |
_aModernización y democracia : _bsu impacto en las condiciones de vida / _cClaudia Krmpotic ... [et al.] ; dir. Gloria Edel Mendicoa. |
| 260 |
_aBuenos Aires : _bEspacio, _c1996. |
||
| 300 | _a171 p. | ||
| 440 | 0 | _aCiencias sociales | |
| 651 | 4 |
_aARGENTINA - _xPOLITICA ECONOMICA _97817 |
|
| 651 | 4 |
_aARGENTINA - _xPOLITICA SOCIAL _96791 |
|
| 700 | 1 |
_aKrmpotic, Claudia, _ecoaut. |
|
| 700 | 1 |
_aEdel Mendicoa, Gloria, _edir. |
|
| 905 | _aLibro | ||
| 999 |
_c95536 _d95536 |
||